000 00901nam a2200289 i 4500
001 C2-0284544
003 PPAK
005 20201129110510.0
008 071205s2006 my a jr | 0 p may d
020 _a9789676118516
_qpaperback
040 _aPPAK
_beng
_cPPAK
_erda
082 0 4 _a899.231
_223
090 0 0 _a899.231
_bMOH
_dG
090 2 0 _a899.231
_bMOH
_dK
100 0 _aMohamad Ali Majod,
_eauthor.
245 1 0 _aPantun Nasib /
_cMohamad Ali Majod
264 1 _aKuala Lumpur :
_bUtusan Publications & Distributors Sdn Bhd,
_c2006
300 _a46 pages :
_bcolour illustrations ;
_c26 cm
336 _2rdacontent
_atext
337 _2rdamedia
_aunmediated
338 _2rdacarrier
_avolume
490 1 _aSiri Koleksi Pantun Kanak-Kanak Bertema
500 _aIncludes glossary
650 1 0 _aChildren's poetry, Malay.
830 0 _aSiri koleksi pantun kanak-kanak bertema
942 _cB
_2ddc
999 _c90491
_d90491